| 000 | 01549nam a2200421 a 4500 | ||
|---|---|---|---|
| 001 | ebr10558820 | ||
| 003 | CaPaEBR | ||
| 006 | m u | ||
| 007 | cr cn||||||||| | ||
| 008 | 061107s2007 coua sb 001 0 eng d | ||
| 010 | _z 2006052622 | ||
| 020 | _z1583214712 | ||
| 020 | _z9781583214718 | ||
| 020 | _z9781613000328 (e-book) | ||
| 040 |
_aCaPaEBR _cCaPaEBR |
||
| 035 | _a(OCoLC)701900415 | ||
| 043 | _an-us--- | ||
| 050 | 1 | 4 |
_aTD345 _b.W2685 2007eb |
| 082 | 0 | 4 |
_a363.6/1 _222 |
| 245 | 0 | 0 |
_aWater resources planning _h[electronic resource]. |
| 250 | _a2nd ed. | ||
| 260 |
_aDenver, Colo. : _bAmerican Water Works Association, _cc2007. |
||
| 300 |
_axvi, 392 p. : _bill. |
||
| 490 | 1 |
_aAWWA manual ; _vM50 |
|
| 500 | _aPreparation of the manual managed by William O. Maddaus. | ||
| 500 | _a"Science and technology." | ||
| 504 | _aIncludes bibliographical references and index. | ||
| 533 |
_aElectronic reproduction. _bPalo Alto, Calif. : _cebrary, _d2013. _nAvailable via World Wide Web. _nAccess may be limited to ebrary affiliated libraries. |
||
| 650 | 0 |
_aWater-supply _xPlanning. |
|
| 650 | 0 |
_aWater consumption _xForecasting. |
|
| 650 | 0 | _aWater resources development. | |
| 650 | 0 |
_aWater-supply _zUnited States _xPlanning _vCase studies. |
|
| 655 | 7 |
_aElectronic books. _2local |
|
| 700 | 1 | _aMaddaus, William O. | |
| 710 | 2 | _aebrary, Inc. | |
| 830 | 0 |
_aAWWA manual ; _vM50. |
|
| 856 | 4 | 0 |
_uhttp://site.ebrary.com/lib/rucke/Doc?id=10558820 _zAn electronic book accessible through the World Wide Web; click to view |
| 999 |
_c88751 _d88751 |
||